Welcome to CU Library Online Public Access Catalogue (OPAC)

The developing person through the life span / (Record no. 7388)

MARC details
000 -LEADER
fixed length control field 00794cam a2200253 a 4500
001 - CONTROL NUMBER
control field 1389987
003 - CONTROL NUMBER IDENTIFIER
control field mk
005 - DATE AND TIME OF LATEST TRANSACTION
control field 20250828140426.0
008 - FIXED-LENGTH DATA ELEMENTS--GENERAL INFORMATION
fixed length control field 821102s1983 nyua b 001 0 eng
010 ## - LIBRARY OF CONGRESS CONTROL NUMBER
LC control number 82051314
020 ## - INTERNATIONAL STANDARD BOOK NUMBER
International Standard Book Number 0879011947
040 ## - CATALOGING SOURCE
Original cataloging agency DLC
Transcribing agency DLC
Modifying agency DLC
050 00 - LIBRARY OF CONGRESS CALL NUMBER
Classification number BF713
Item number .B463 1983
082 00 - DEWEY DECIMAL CLASSIFICATION NUMBER
Classification number 155
Edition information 19
100 1# - MAIN ENTRY--PERSONAL NAME
Personal name Berger, Kathleen Stassen.
245 14 - TITLE STATEMENT
Title The developing person through the life span /
Statement of responsibility, etc. Kathleen Stassen Berger ; [illustrator, Angie Lloyd].
260 ## - PUBLICATION, DISTRIBUTION, ETC.
Place of publication, distribution, etc. New York, N.Y. :
Name of publisher, distributor, etc. Worth Publishers,
Date of publication, distribution, etc. c1983.
300 ## - PHYSICAL DESCRIPTION
Extent xvii, 686 p. :
Other physical details ill. (some col.) ;
Dimensions 28 cm.
500 ## - GENERAL NOTE
General note Includes indexes.
504 ## - BIBLIOGRAPHY, ETC. NOTE
Bibliography, etc. note Bibliography: p. 627-659.
650 #0 - SUBJECT ADDED ENTRY--TOPICAL TERM
Topical term or geographic name entry element Developmental psychology.
906 ## - LOCAL DATA ELEMENT F, LDF (RLIN)
a 7
b cbc
c orignew
d 3
e ocip
f 19
g y-gencatlg
942 ## - ADDED ENTRY ELEMENTS (KOHA)
Source of classification or shelving scheme Library of Congress Classification
Koha item type Books
Suppress in OPAC No
Holdings
Withdrawn status Lost status Source of classification or shelving scheme Damaged status Not for loan Collection Home library Current library Shelving location Date acquired Total checkouts Full call number Barcode Date last seen Copy number Price effective from Koha item type
    Library of Congress Classification     Non-fiction Undergraduate Library (Christ Temple) Undergraduate Library (Christ Temple) General stacks 08/28/2025   BF713.B463 ulct00004510 08/28/2025 1 08/28/2025 Books
    Library of Congress Classification     Non-fiction Undergraduate Library (Christ Temple) Undergraduate Library (Christ Temple) General stacks 08/28/2025   BF713.B463 ulct00004511 08/28/2025 2 08/28/2025 Books
    Library of Congress Classification     Non-fiction Undergraduate Library (Christ Temple) Undergraduate Library (Christ Temple) General stacks 08/28/2025   BF713.B463 ulct00004512 08/28/2025 3 08/28/2025 Books
    Library of Congress Classification     Non-fiction Undergraduate Library (Christ Temple) Undergraduate Library (Christ Temple) General stacks 08/28/2025   BF713.B463 ulct00004513 08/28/2025 4 08/28/2025 Books
© 2023-2024 Copyright: Central University Libraries. All Rights Reserved | Created by: Mahone Tech Office